Report from the Select Committee on the New Law Courts; together with the proceedings of the committee, minutes of evidence, and appendix (Record no. 114148)

MARC details
000 -LEADER
fixed length control field 00602cam a22001815a 4500
001 - CONTROL NUMBER
control field L156277
008 - FIXED-LENGTH DATA ELEMENTS--GENERAL INFORMATION
fixed length control field 120510s1869 xxk f 000 0 eng d
035 ## - SYSTEM CONTROL NUMBER
System control number (Sirsi) u156277
041 0# - LANGUAGE CODE
Language code of text/sound track or separate title eng
110 2# - MAIN ENTRY--CORPORATE NAME
Corporate name or jurisdiction name as entry element Great Britain
Subordinate unit Parliament
-- House of Commons
9 (RLIN) 6039
245 00 - TITLE STATEMENT
Title Report from the Select Committee on the New Law Courts; together with the proceedings of the committee, minutes of evidence, and appendix
260 ## - PUBLICATION, DISTRIBUTION, ETC.
Date of publication, distribution, etc. 1869
300 ## - PHYSICAL DESCRIPTION
Extent 238 p.
583 0# - ACTION NOTE
Action Condition reviewed
Time/date of action 20120620
Status condition level 1
651 #4 - SUBJECT ADDED ENTRY--GEOGRAPHIC NAME
Geographic name Great Britain
Chronological subdivision 1707-
690 ## - LOCAL SUBJECT ADDED ENTRY--TOPICAL TERM (OCLC, RLIN)
Topical term or geographic name as entry element Infrastructure
9 (RLIN) 6246
942 ## - ADDED ENTRY ELEMENTS (KOHA)
Suppress in OPAC 0
Holdings
Withdrawn status Lost status Source of classification or shelving scheme Damaged status Not for loan Home library Current library Shelving location Date acquired Total Checkouts Full call number Barcode Date last seen Copy number Price effective from Koha item type
    Dewey Decimal Classification     Historic collection Historic collection Historic collection 10/05/2012   FOLIO 1869 PARLIAMENT 30077619 06/08/2019 1 06/08/2019 Book